| 000 | 00569nam a22001457a 4500 | ||
|---|---|---|---|
| 999 |
_c30 _d30 |
||
| 008 | 150320b xxu||||| |||| 00| 0 eng d | ||
| 050 | _aAE 5 M38 1969 | ||
| 100 |
_aCayne, Bernard S., Editor in Chief. _d1969. |
||
| 245 |
_aMerit Students Enclyclopedia _cBernard S. Cayne, Editor in Chief; |
||
| 260 |
_aUnited States of America: _bCrowell-Collier Educational Corporation, _c1969. |
||
| 300 |
_aVarious pagings: ill.(some col.) ; _c28 cm. |
||
| 650 | _aEncyclopedias and dictionaries | ||
| 700 | _aWilliam D. Halsey, Editorial Director | ||
| 942 |
_2lcc _cREF_BOOK _hAE 5 .M38 1969 _kAE _m5 .M38 1969 |
||